<?xml version="1.0" encoding="UTF-8"?><?xml-stylesheet type="text/xsl" href="static/style.xsl"?><OAI-PMH xmlns="http://www.openarchives.org/OAI/2.0/" xmlns:xsi="http://www.w3.org/2001/XMLSchema-instance" xsi:schemaLocation="http://www.openarchives.org/OAI/2.0/ http://www.openarchives.org/OAI/2.0/OAI-PMH.xsd"><responseDate>2026-04-27T21:25:13Z</responseDate><request verb="GetRecord" identifier="oai:uvadoc.uva.es:10324/37183" metadataPrefix="marc">https://uvadoc.uva.es/oai/request</request><GetRecord><record><header><identifier>oai:uvadoc.uva.es:10324/37183</identifier><datestamp>2021-12-03T08:28:09Z</datestamp><setSpec>com_10324_38</setSpec><setSpec>col_10324_787</setSpec></header><metadata><record xmlns="http://www.loc.gov/MARC21/slim" xmlns:doc="http://www.lyncode.com/xoai" xmlns:xsi="http://www.w3.org/2001/XMLSchema-instance" xmlns:dcterms="http://purl.org/dc/terms/" xsi:schemaLocation="http://www.loc.gov/MARC21/slim http://www.loc.gov/standards/marcxml/schema/MARC21slim.xsd">
<leader>00925njm 22002777a 4500</leader>
<datafield tag="042" ind1=" " ind2=" ">
<subfield code="a">dc</subfield>
</datafield>
<datafield tag="720" ind1=" " ind2=" ">
<subfield code="a">Coloma Alvario, Manuel Emilio</subfield>
<subfield code="e">author</subfield>
</datafield>
<datafield tag="260" ind1=" " ind2=" ">
<subfield code="c">2019</subfield>
</datafield>
<datafield tag="520" ind1=" " ind2=" ">
<subfield code="a">Con el envejecimiento existe la aparición de muchas enfermedades sistemáticas degenerativas como es la Degeneración Macular Relacionada a la Edad siendo esta enfermedad visual una de las principales causas de baja visión en personas mayores, generando en algunos casos problemas psicológicos por las limitaciones propias que la enfermedad genera tanto para visión cercana como lejana dependiendo del grado de la enfermedad, causando depresión, desánimo y aislamiento en algunos casos en los pacientes que la padecen pues se sienten poco útiles, aislándose creando cuadros depresivos. (1)&#xd;
Este trabajo fin de Máster se realizó de manera bibliográfica y está dirigido a cómo mejorar el estado psicológico del paciente como encontrar nuevas formas de visión que ayuden a mejorar su estado de ánimo y su estilo de vida.&#xd;
Encontrando nuevas formas de cómo integrar y aumentar su estado de ánimo para reintegrarse a la vida diaria y evitar depresión o salir de esta sí es que ya está en este estado, el apoyo familiar va a ser un punto fundamental para que el paciente responda y aumente su estado de ánimo.</subfield>
</datafield>
<datafield tag="024" ind2=" " ind1="8">
<subfield code="a">http://uvadoc.uva.es/handle/10324/37183</subfield>
</datafield>
<datafield tag="245" ind1="0" ind2="0">
<subfield code="a">Aspectos psicológicos y sociales en personas con degeneración macular relacionado a la edad</subfield>
</datafield>
</record></metadata></record></GetRecord></OAI-PMH>